Fates of Indebted Households During the Corona Crisis: Survey Results from Slovakia

Ako dokumentuje šesť vĺn prieskumu Národnej banky Slovenska o zadlžených domácnostiach, program platobného moratória bol veľmi dôležitý. Mnohé domácnosti utrpeli negatívne príjmové alebo zamestnanecké šoky a moratórium zachovalo likviditu domácností počas krízy. Odklad splátok úveru sa využíval najm...

Descrizione completa

Salvato in:
Dettagli Bibliografici
Autore principale: Cesnak, Martin
Altri autori: Cupak, Andrej, 1988-, Klacso, Ján, Šuster, Martin
Natura: Capitolo di libro
Lingua:inglese
Soggetti:
Tags: Aggiungi Tag
Nessun Tag, puoi essere il primo ad aggiungerne!!

MARC

LEADER 00000naa a2200000 4500
001 0297422
005 20241106141340.8
041 0 |a eng 
044 |a SK 
245 1 0 |a Fates of Indebted Households During the Corona Crisis: Survey Results from Slovakia  |c Martin Cesnak, Andrej Cupak, Ján Klacso, Martin Šuster 
520 |a Ako dokumentuje šesť vĺn prieskumu Národnej banky Slovenska o zadlžených domácnostiach, program platobného moratória bol veľmi dôležitý. Mnohé domácnosti utrpeli negatívne príjmové alebo zamestnanecké šoky a moratórium zachovalo likviditu domácností počas krízy. Odklad splátok úveru sa využíval najmä na začiatku a postupne domácnosti uprednostňovali individuálne dohody so svojimi bankami. Kríza COVID-19 neúmerne zasiahla domácnosti, ktoré boli vysoko zadlžené už pred krízou, pracujúce v citlivých sektoroch, menej vzdelané alebo s veľkými prepadmi príjmov. V dôsledku krízy si zraniteľné domácnosti plánujú ponechať vyššie finančné rezervy, aby sa vyrovnali s budúcimi rizikami, ako aj lepšie diverzifikovať svoje príjmové aktivity do menej zraniteľných sektorov. 
610 2 0 |a domácnosti 
610 2 0 |a zadlženosť 
610 2 0 |a pandémia 
610 2 0 |a stabilita finančná 
100 1 |a Cesnak, Martin 
700 1 |a Cupak, Andrej, 1988- 
700 1 |a Klacso, Ján 
700 1 |a Šuster, Martin